00715cam a2200229 a 450000100090000000300120000900500170002100800410003801000170007902000190009604000180011504200080013305000220014108200260016310000230018924500800021226000470029230000340033950400510037365000300042470000310045416762701Nust- CAS-E20180118181355.0110504s2011 flua b 001 0 eng  a 2011018875 a9781439825020  aDLCcDLCdDLC apcc00aTJ808b.S685 201100a621.042223bSPE 20111 aSpellman, Frank R.14aThe science of renewable energy /cauthors, Frank Spellman, Revonna Bieber. aBoca Raton, FL :bTaylor & Francis,c2011. axix, 317 p. :bill. ;c26 cm. aIncludes bibliographical references and index. 0aRenewable energy sources.1 aBieber, Revonna M.,d1976-